000 00845nam a2200301Ia 4500
003 OSt
005 20221006142640.0
006 a|||||r|||| 00| 0
007 ta
008 221006b |||||||| |||| 00| 0 eng d
020 _c285.25
024 _a6,842
037 _cTextual
040 _aEASL
_cEASL
_beng
041 _2eng
_aeng
082 _aY:1.N5, M0
100 _aROBERTSON Roland Ed.
_9133602
245 0 _aIdentity and authority
_b Explorations in the theory of society
260 _aOxford
_bBasil Blackwell
_c1980
300 _a318p.
_ccm.
490 _v Oth
650 _a Identity
_9439362
650 _a Psychology
650 _aAuthority
_9648072
700 _a HOLZNER Burkart Ed.
_9133603
942 _hY:1.N5, M0
_cTEXL
_2CC
999 _c1074928
_d1074928